000 01052nas a2200361 4500
001 BR2014006212
003 BR-BrBNA
005 20231205124547.0
007 ta
008 230509b bl.|||p| |||| 00| 00por d
040 _aBR-BrBNA
_bpor
_cBiblioteca Nacional de Agricultura
041 _a(Pt)
072 _aK50
100 1 _aSartori, C.J.
100 1 _aMori, F.AQ.
100 1 _aValle, M.A.L.
100 1 _aMendes, L.M.
100 1 _aProtásio, T. de P.
245 1 _aRendimento gravométrico em taninos condensados nas cascas de Andenanthera peregrina em diferentes classes diamétricas
650 _aANGICO VERMELHO
650 _aANADENANTHERA PEREGRINA
650 _aCASCA
650 _aTANINO
650 _aPROCESSAMENTO
650 _aEXTRAÇÃO
650 _aCOMPOSTO FENÓLICO
650 _aRENDIMENTO
650 _aADESIVO
650 _aDIÂMETRO
773 0 _tCerne (Brazil)
_xISSN 0104-7760
_g(Apr-Jun 2014), v.20(2) p. 239-244
_wBR2014006212
909 _a202311
_bLúcia
_c55
_dLúcia Elande
942 _2AGRIS
_n0
_cANA
999 _c239720
_d239720